LEADER 00937nam2 22002771i 450 001 RML0339866 005 20231121125757.0 010 $a3519042835 100 $a20121123d1995 ||||0itac50 ba 101 | $agrc 102 $ade 181 1$6z01$ai $bxxxe 182 1$6z01$an 200 0 $a1.$f[Homerus] 210 $aStutgardiae$aLipsiae $cin aedibus B. G. Teubneri $d1995 215 $aXIX, 514 p.$d20 cm 300 $aed. stereotypa ed. primae 461 1$1001RML0245077$12001 $aHomeri Ilias$frecensuit Arthurus Ludwich 801 3$aIT$bIT-01$c20121123 850 $aIT-FR0017 899 $aBiblioteca umanistica Giorgio Aprea$bFR0017 912 $aRML0339866 950 2$aBiblioteca umanistica Giorgio Aprea$d 52CIS BTG HOM 1.1$e 52VM 0000483815 VM barcode:00035133. - Inventario:20442 FLSVM$fB $h20041006$i20121205 977 $a 52 996 $a1$961339 997 $aUNICAS